000 00686nam a2200253Ia 4500
008 160418s9999 xx 000 0 und d
020 _a971-08-639
050 _aFIL P 95
050 _b.F56 2003
100 _aFlores, Carmelita S.
245 _aEffective speech communication /
245 _cCarmelita S. Flores, Evelyn B. Lopez.
250 _a4th Edition
260 _aMandaluyong:
260 _bNational Books Store,
260 _c2003
300 _a468 pages :
300 _billustrations ;
300 _c22 cm.
500 _aIncludes bibliographical references
650 _aDebates and debating.
650 _aOral communication.
650 _xPublic speaking.
999 _c293497
_d293497